000 00816nam a2200277Ia 4500
003 OSt
005 20221006155902.0
006 a|||||r|||| 00| 0
007 ta
008 221006b |||||||| |||| 00| 0 eng d
020 _a9780804718356
_c¥7049
024 _a43,741
037 _bGift, Japan Foundation
_cTextual
040 _aEASL
_cEASL
_beng
041 _2eng
_aeng
082 _aV42:1958.N45, M5
100 _aCoox Alvin D.
_9670777
245 0 _aNomonhan
_b Japan against Russia, 1939
260 _aStanford
_bStanford University Press
_c1985
300 _a1269p.
_ccm.
490 _v JEL
650 _a JEL
650 _aForeign relation - Japan - Russia
_9670778
942 _hV42:1958.N45, M5
_cTEXL
_2CC
999 _c1111833
_d1111833